<?xml version="1.0" encoding="UTF-8"?>
<record
    xmlns:xsi="http://www.w3.org/2001/XMLSchema-instance"
    xsi:schemaLocation="http://www.loc.gov/MARC21/slim http://www.loc.gov/standards/marcxml/schema/MARC21slim.xsd"
    xmlns="http://www.loc.gov/MARC21/slim">

  <leader>00824cam a22002171a 4500</leader>
  <controlfield tag="001">sa 67006299 </controlfield>
  <controlfield tag="003">DLC</controlfield>
  <controlfield tag="005">20260227112405.0</controlfield>
  <controlfield tag="008">900105s1966    ii            000 0 hino </controlfield>
  <datafield tag="010" ind1=" " ind2=" ">
    <subfield code="a">sa 67006299 </subfield>
  </datafield>
  <datafield tag="035" ind1=" " ind2=" ">
    <subfield code="a">(OCoLC)20851075</subfield>
  </datafield>
  <datafield tag="040" ind1=" " ind2=" ">
    <subfield code="a">DLC</subfield>
    <subfield code="c">WaU</subfield>
    <subfield code="d">NRU</subfield>
    <subfield code="d">WU</subfield>
    <subfield code="d">DLC</subfield>
  </datafield>
  <datafield tag="042" ind1=" " ind2=" ">
    <subfield code="a">premarc</subfield>
  </datafield>
  <datafield tag="050" ind1="0" ind2="0">
    <subfield code="a">PN6519.I4</subfield>
    <subfield code="b">S8</subfield>
  </datafield>
  <datafield tag="100" ind1="1" ind2=" ">
    <subfield code="a">&#x15A;ukla, &#x15A;r&#x12B;kr&#x325;shna.</subfield>
  </datafield>
  <datafield tag="245" ind1="1" ind2="0">
    <subfield code="a">Lokokti-s&#x101;ra sa&#x1E45;graha :</subfield>
    <subfield code="b">jisame Hind&#x12B; ke cune hue 500 muh&#x101;varo&#x1E43; aura kah&#x101;vato&#x1E43; k&#x101; uttama sa&#x1E45;graha artha aura v&#x101;kyo&#x1E43; me&#x1E43; prayoga sahita tath&#x101; Sa&#x1E47;skr&#x325;ta k&#x12B; 100 sundara s&#x16B;ktiyam&#x310; artha sahita sa&#x1E45;grah&#x12B;ta hai&#x1E43; /</subfield>
    <subfield code="c">Lekhaka &#x15A;r&#x12B;kr&#x325;sh&#x1E47;a &#x15A;ukla.</subfield>
  </datafield>
  <datafield tag="260" ind1=" " ind2=" ">
    <subfield code="a">V&#x101;r&#x101;&#x1E47;as&#x12B; :</subfield>
    <subfield code="b">B&#x101;la-hitaish&#x12B; Pustakam&#x101;l&#x101;,</subfield>
    <subfield code="c">[1966]</subfield>
  </datafield>
  <datafield tag="300" ind1=" " ind2=" ">
    <subfield code="a">2, 102 p. ;</subfield>
    <subfield code="c">18 cm.</subfield>
  </datafield>
  <datafield tag="500" ind1=" " ind2=" ">
    <subfield code="a">In Hindi.</subfield>
  </datafield>
  <datafield tag="650" ind1=" " ind2="0">
    <subfield code="a">Proverbs, Hindi.</subfield>
  </datafield>
  <datafield tag="999" ind1=" " ind2=" ">
    <subfield code="c">75841</subfield>
    <subfield code="d">75841</subfield>
  </datafield>
</record>
